000 00400nam a2200169Ia 4500
008 230524s9999 xx 000 0 und d
020 _a8122402240
082 _a537
_bKAR
100 _aKarl Schuster
245 4 _aThe Structure of Matter Pi-8
250 _a1ST
260 _aNEW DELHI
_bWiley Eastern
_c1989
300 _a61
500 _aQuantity Number: 2
650 _aPhysics
942 _cBK
999 _c25763
_d25763